000 00406nam a2200157 i 4500
001 bg
100 1 _aWOJC, W. L.
245 0 _aObliczenia dynamiki napędów maszyn /
_cW.L. Wojc, A.E. Koczura, A.M. Martynienko.
260 _aWarszawa,
_c1975.
700 1 _aKOCZURA, A. E.
700 1 _aMARTYNIENKO, A. M.
040 _cBPK
041 _apol
942 _cKS
008 s pl f |000 0 pol
999 _c2805
_d2805
856 _uhttp://koha.tu.koszalin.pl/cgi-bin/koha/opac-detail.pl?biblionumber=2805
_yKatalog online BPK